书目信息 |
| 题名: |
相变储能聚合物微胶囊的绿色制备
|
|
| 作者: | 王固霞, 著 | |
| 分册: | ||
| 出版信息: | 长春 吉林大学出版社 2021.12 |
|
| 页数: | 125页 | |
| 开本: | 24cm | |
| 丛书名: | ||
| 单 册: | ||
| 中图分类: | R944.5 | |
| 科图分类: | ||
| 主题词: | 相变--xiang bian--储能--聚合物--微型胶囊--制备--无污染技术--研究 | |
| 电子资源: | ||
| ISBN: | 978-7-5692-9778-2 | |
| 000 | 01174nam0 2200265 450 | |
| 001 | CAL 0120227369680 | |
| 005 | 20230217093112.0 | |
| 010 | @a978-7-5692-9778-2@dCNY46.00 | |
| 100 | @a20220324d2021 em y0chiy0120 ea | |
| 101 | 0 | @achi |
| 102 | @aCN@b220000 | |
| 105 | @aa a 000yy | |
| 106 | @ar | |
| 200 | 1 | @a相变储能聚合物微胶囊的绿色制备@Axiang bian chu neng ju he wu wei jiao nang de lv se zhi bei@f王固霞著 |
| 210 | @a长春@c吉林大学出版社@d2021.12 | |
| 215 | @a125页@c图@d24cm | |
| 300 | @a宁夏重点研发项目 宁夏自然科学基金项目 北方民族大学引进人员科研启动项目 | |
| 314 | @a王固霞, 出生于1978年10月, 讲师, 硕士研究生导师, 现任北方民族法学化学与化学工程学院教师。 | |
| 320 | @a有书目 | |
| 330 | @a本书采用超声辐照原位包覆聚合反应、微波辅助原位包覆聚合反应制备了相变储能聚合物微胶囊材料, 并将其应用于储能调温纤维的纺制。本书发展并深化了声化学技术、微波化学技术在材料制备领域中的应用, 为科研同行的相关研究奠定了一定的理论和实验基础。 | |
| 606 | 0 | @a相变@Axiang bian@x储能@x聚合物@x微型胶囊@x制备@x无污染技术@x研究 |
| 690 | @aR944.5@v5 | |
| 701 | 0 | @a王固霞,@Awang gu xia@f1978-@4著 |
| 801 | 0 | @aCN@bBJXHZP@c20230228 |
| 905 | @b1387269-72@dR944.5@e967@f4 | |
| 相变储能聚合物微胶囊的绿色制备/王固霞著.-长春:吉林大学出版社,2021.12 |
| 125页:图;24cm |
| 宁夏重点研发项目 宁夏自然科学基金项目 北方民族大学引进人员科研启动项目 |
| ISBN 978-7-5692-9778-2:CNY46.00 |
| 本书采用超声辐照原位包覆聚合反应、微波辅助原位包覆聚合反应制备了相变储能聚合物微胶囊材料, 并将其应用于储能调温纤维的纺制。本书发展并深化了声化学技术、微波化学技术在材料制备领域中的应用, 为科研同行的相关研究奠定了一定的理论和实验基础。 |
| ● |
| 相关链接 |
|
|
|
|
正题名:相变储能聚合物微胶囊的绿色制备
索取号:R944.5/967
 
预约/预借
| 序号 | 登录号 | 条形码 | 馆藏地/架位号 | 状态 | 备注 |
| 1 | 1387269 | 213872692 | 第二样本阅览室/ [索取号:R944.5/967] | 在馆 | |
| 2 | 1387270 | 213872709 | 第三借阅区/ [索取号:R944.5/967] | 在馆 | |
| 3 | 1387271 | 213872718 | 第三借阅区/ [索取号:R944.5/967] | 在馆 | |
| 4 | 1387272 | 213872727 | 第三借阅区/ [索取号:R944.5/967] | 在馆 |